|
|
|
|
| LEADER |
01060nam a22002897a 4500 |
| 001 |
29846 |
| 003 |
BD-DhAAL |
| 005 |
20150826101610.0 |
| 008 |
150826s2014 xxua 001 0 eng d |
| 020 |
|
|
|a 9781477508992
|
| 020 |
|
|
|a 1477508996
|
| 040 |
|
|
|a BD-DhAAL
|c BD-DhAAL
|
| 041 |
|
|
|a eng
|
| 082 |
0 |
0 |
|a 004.16
|
| 100 |
1 |
|
|a Valvano, Jonathan W.
|d 1953-
|9 14067
|
| 245 |
1 |
0 |
|a Embedded Systems :
|b introduction to the ARM® Cortex(TM)-M microcontrollers :
|c Jonathan W. Valvano.
|n volume 1
|
| 250 |
|
|
|a 5th ed.
|
| 260 |
|
|
|a USA :
|b Jonathan W. Valvano,
|c c2014
|
| 300 |
|
|
|a xii, 493 p. :
|b ill. ;
|c 24 cm.
|
| 504 |
|
|
|6 Includes index.
|
| 541 |
|
|
|e 29846
|
| 650 |
|
0 |
|a Embedded computer systems.
|9 14068
|
| 650 |
|
0 |
|a Microprocessors.
|9 14069
|
| 650 |
|
0 |
|a Computer interfaces
|9 14070
|
| 942 |
|
|
|2 ddc
|c BK
|
| 999 |
|
|
|c 35329
|d 35329
|
| 952 |
|
|
|0 0
|1 0
|2 ddc
|4 0
|6 004_160000000000000_VAL
|7 0
|9 55531
|a BRACUL
|b BRACUL
|c GEN
|d 2015-08-26
|e CSE Dept.
|g 3169.00
|l 9
|m 99
|o 004.16 VAL
|p 3010029846
|q 2026-08-04
|r 2025-12-29
|s 2025-12-29
|t 1
|w 2015-08-26
|y BK
|x Original price of this book: $40.91
|